|
|
|
|
| LEADER |
00000nam0a2200000 4500 |
| 001 |
195285 |
| 005 |
20231101224623.0 |
| 010 |
|
|
|a 9785811410279
|
| 035 |
|
|
|a (RuTPU)RU\TPU\book\213027
|
| 090 |
|
|
|a 195285
|
| 100 |
|
|
|a 20110505d2010 m y0rusy50 ca
|
| 101 |
0 |
|
|a rus
|
| 102 |
|
|
|a RU
|
| 105 |
|
|
|a a j 001zy
|
| 200 |
1 |
|
|a Таксация леса
|e учебное пособие для вузов
|f В. Н. Минаев, Л. Л. Леонтьев, В. Ф. Ковязин
|g под ред. В. Ф. Ковязина
|
| 210 |
|
|
|a СПб.
|c Лань
|d 2010
|
| 215 |
|
|
|a 240 с.
|c ил.
|
| 225 |
1 |
|
|a Учебники для вузов. Специальная литература
|
| 320 |
|
|
|a Библиогр.: с. 237.
|
| 330 |
|
|
|a Учебное пособие написано в свете требований Лесного кодекса РФ, в нем рассмотрены современные приборы, инструменты, методика их применения и технология расчета таксационных показателей. Книга предназначена для студентов высших учебных заведений, обучающихся по направлению «Технология и оборудование лесозаготовительных и деревообрабатывающих производств».
|
| 606 |
1 |
|
|a Лесная таксация
|2 stltpush
|3 (RuTPU)RU\TPU\subj\40021
|9 59896
|
| 610 |
1 |
|
|a леса
|
| 610 |
1 |
|
|a лесное хозяйство
|
| 610 |
1 |
|
|a деревья
|
| 610 |
1 |
|
|a круглый лес
|
| 610 |
1 |
|
|a дрова
|
| 610 |
1 |
|
|a пиломатериалы
|
| 610 |
1 |
|
|a измерительные технологии
|
| 610 |
1 |
|
|a учебные пособия
|
| 675 |
|
|
|a 630(075.8)
|v 3
|
| 700 |
|
1 |
|a Минаев
|b В. Н.
|g Валентин Николаевич
|
| 701 |
|
1 |
|a Леонтьев
|b Л. Л.
|g Леонид Леонидович
|
| 701 |
|
1 |
|a Ковязин
|b В. Ф.
|g Василий Федорович
|
| 702 |
|
1 |
|a Ковязин
|b В. Ф.
|g Василий Федорович
|4 340
|
| 801 |
|
1 |
|a RU
|b 63413507
|c 20110505
|
| 801 |
|
2 |
|a RU
|b 63413507
|c 20150706
|g RCR
|
| 900 |
|
|
|a Лесоводство
|
| 942 |
|
|
|c BK
|
| 951 |
|
|
|b 250400
|
| 959 |
|
|
|a 48/20110505
|d 2
|e 359,92
|f ЧЗТЛ:1
|f АНЛ:1
|